000
00321nam a2200145Ia 4500
100
_a
Fairhurst M.C
942
_c
BK
654
_a
robotic systems
245
_a
Computer vision for robotic systems
260
_b
prentice hall
_a
U.K
_c
1988
082
_a
629.892
_b
FAI
300
_a
193
546
_a
ENGLISH
999
_c
21644
_d
21644